00758nam a2200205 a 450000100100000000500170001000800410002702000150006804000250008308200160010810000280012424501190015225000120027126000520028330000210033549000290035683000360038595201140042199900170053500003546720200930074350.0111101s1980 ck 000 0 spa d a968230055X aDO-SdBNPbspacBNPHU axxxxbP226m1 aPardinas, Felipe96132210aMetodología y técnicas de investigación en ciencias sociales :bintroducción elemental /cFelipe Pardinas. a22a ed. aColombia :bSiglo Veintiuno de Colombia,c1980. a212 p. ;c21 cm.1 aSicología y política 0aSicología y política961323 001050718MOaGRbGRcCTd2011-11-01iLF1l0oxxxx P226mp35467-10r2020-06-25w2020-06-25y1ZNo se presta c34958d34958